आपले शरीर अद्रभूत कोडे. (Record no. 273729)

MARC details
000 -LEADER
fixed length control field 00686nam a2200181Ia 4500
008 - FIXED-LENGTH DATA ELEMENTS--GENERAL INFORMATION
fixed length control field 090630s9999 xx 000 0 und d
082 ## - DEWEY DECIMAL CLASSIFICATION NUMBER
Item number 21873
100 ## - MAIN ENTRY--PERSONAL NAME
Personal name कुकडे सुमती.
245 ## - TITLE STATEMENT
Title आपले शरीर अद्रभूत कोडे.
Statement of responsibility, etc कुकडे सुमती.
260 ## - PUBLICATION, DISTRIBUTION, ETC. (IMPRINT)
Name of publisher, distributor, etc मधुराज - पुणे.
Date of publication, distribution, etc 2002
300 ## - PHYSICAL DESCRIPTION
Extent 32
600 ## - SUBJECT ADDED ENTRY--PERSONAL NAME
Personal name कुकडे सुमती.
630 ## - SUBJECT ADDED ENTRY--UNIFORM TITLE
Uniform title आपले शरीर अद्रभूत कोडे.
655 ## - INDEX TERM--GENRE/FORM
Genre/form data or focus term बालवाङमय.
700 ## - ADDED ENTRY--PERSONAL NAME
Personal name कुकडे सुमती.
730 ## - ADDED ENTRY--UNIFORM TITLE
Uniform title आपले शरीर अद्रभूत कोडे.
942 ## - ADDED ENTRY ELEMENTS (KOHA)
Koha item type Book
Holdings
Withdrawn status Lost status Damaged status Not for loan Home library Current library Date acquired Cost, normal purchase price Total Checkouts Full call number Barcode Date last seen Cost, replacement price Price effective from Koha item type
        Sarvajanik Wachanalaya Shrivardhan Sarvajanik Wachanalaya Shrivardhan   22.00   21873 SAWASHRI-21873 06/30/2009 22.00 06/30/2009 Book